<?xml version="1.0" encoding="UTF-8"?>
<record
    xmlns:xsi="http://www.w3.org/2001/XMLSchema-instance"
    xsi:schemaLocation="http://www.loc.gov/MARC21/slim http://www.loc.gov/standards/marcxml/schema/MARC21slim.xsd"
    xmlns="http://www.loc.gov/MARC21/slim">

  <leader>01173nam a22002175i 4500</leader>
  <controlfield tag="001">154899</controlfield>
  <controlfield tag="003">ES-MaACL</controlfield>
  <controlfield tag="005">20230906205908.0</controlfield>
  <controlfield tag="008">981001s1756    fr           |||| | fre d</controlfield>
  <datafield tag="040" ind1=" " ind2=" ">
    <subfield code="a">CCPB | B </subfield>
    <subfield code="b">spa </subfield>
    <subfield code="c">CCPB | B</subfield>
  </datafield>
  <datafield tag="100" ind1="1" ind2=" ">
    <subfield code="a">Guignes, Joseph de.</subfield>
    <subfield code="9">127615</subfield>
  </datafield>
  <datafield tag="245" ind1="1" ind2="0">
    <subfield code="a">Histoire G&#xE9;n&#xE9;rales des huns, des turcs, des mogols, et des autres tartares occidentaux, &amp;c. avant et depuis Jesus-Christ jusqu'a present ; pr&#xE9;c&#xE9;d&#xE9;e d'une introduction contenant des tables chronol. &amp; histor. des princes qui ont regn&#xE9; dans l'Asie ... / </subfield>
    <subfield code="c">par M. De Guignes ... ; tome second.</subfield>
  </datafield>
  <datafield tag="260" ind1=" " ind2=" ">
    <subfield code="a">A Paris : </subfield>
    <subfield code="b">chez Desaint &amp; Saillant, </subfield>
    <subfield code="c">1756.</subfield>
  </datafield>
  <datafield tag="300" ind1=" " ind2=" ">
    <subfield code="a">VIII, 292 p. ; </subfield>
    <subfield code="c">4&#xBA;.</subfield>
  </datafield>
  <datafield tag="597" ind1=" " ind2=" ">
    <subfield code="a">Sign.: a4, A-Z4, 2A-2N4, 2O2.</subfield>
  </datafield>
  <datafield tag="597" ind1=" " ind2=" ">
    <subfield code="a">Port. con grab. xil.</subfield>
  </datafield>
  <datafield tag="650" ind1=" " ind2=" ">
    <subfield code="a">Hunos-</subfield>
    <subfield code="x">Historia.</subfield>
    <subfield code="9">136249</subfield>
  </datafield>
  <datafield tag="650" ind1=" " ind2=" ">
    <subfield code="a">Mongoles-</subfield>
    <subfield code="x">Historia.</subfield>
    <subfield code="9">15168</subfield>
  </datafield>
  <datafield tag="650" ind1=" " ind2=" ">
    <subfield code="a">T&#xE1;rtaros-</subfield>
    <subfield code="x">Historia.</subfield>
    <subfield code="9">136962</subfield>
  </datafield>
  <datafield tag="852" ind1=" " ind2=" ">
    <subfield code="a">ES-MaACL</subfield>
    <subfield code="j">R-1349-53    </subfield>
    <subfield code="z">-- Enc. piel    </subfield>
    <subfield code="z">-- Ex-libris de la Biblioteca Real   </subfield>
    <subfield code="x">-- Edic.: Antep. -- Corregir T300 VIII, 272, 292 p. -- Sign.: a\p4\s, A-Z\p8\s, 2A-2L\p4\s, A-Z\p4\s, 2A-2N\p4\s, 2O\p2\s -- Tome second [premi&#xE8;re-seconde parties]  </subfield>
    <subfield code="x">Olim: G-12055-9</subfield>
  </datafield>
  <datafield tag="999" ind1=" " ind2=" ">
    <subfield code="c">154899</subfield>
    <subfield code="d">154899</subfield>
  </datafield>
  <datafield tag="952" ind1=" " ind2=" ">
    <subfield code="0">0</subfield>
    <subfield code="1">0</subfield>
    <subfield code="4">0</subfield>
    <subfield code="7">0</subfield>
    <subfield code="8">LIBXVIII</subfield>
    <subfield code="a">ATENEOM</subfield>
    <subfield code="b">ATENEOM</subfield>
    <subfield code="c">DEPO</subfield>
    <subfield code="d">2008-01-17</subfield>
    <subfield code="l">0</subfield>
    <subfield code="o">R-1349-53</subfield>
    <subfield code="p">1162030</subfield>
    <subfield code="r">2023-02-23 00:00:00</subfield>
    <subfield code="w">2023-02-23</subfield>
    <subfield code="y">MONANT</subfield>
  </datafield>
</record>
